Science Quiz

Random Science or Word Play Quiz

Overlapping Animals Quiz Stats

 Plays Quiz Updated Jan 27, 2019

Score 0/116 Timer 07:00
1 Play Today
% Correct
P
99.1%
O
99.1%
H
99.1%
I
99.1%
P
99.1%
L
99.1%
A
99.1%
R
99.1%
B
99.1%
E
99.1%
A
99.1%
R
99.1%
G
92.1%
O
92.1%
R
92.1%
I
92.1%
L
92.1%
L
92.1%
A
92.1%
F
92.1%
L
92.1%
A
92.1%
M
92.1%
I
92.1%
N
92.1%
G
79.7%
E
79.7%
R
79.7%
B
79.4%
A
79.4%
D
79.4%
L
79.3%
O
79.3%
B
79.3%
I
79.3%
L
79.3%
A
79.2%
R
79.2%
M
79.2%
% Correct
A
79.2%
D
79.2%
I
79.2%
L
79.2%
A
78.4%
N
78.4%
T
78.4%
E
78.4%
A
78.4%
T
78.4%
E
78.4%
R
78.4%
C
78%
U
78%
S
78%
T
78%
P
77.6%
H
77.6%
E
77.6%
A
77.6%
S
77.6%
H
75.9%
E
75.9%
R
75.9%
P
75.8%
A
75.8%
N
75.8%
T
75.8%
O
75.4%
N
75.4%
M
67.7%
O
67.7%
N
67.7%
S
67.7%
A
67.7%
L
67.7%
T
66.8%
E
66.8%
C
66.5%
% Correct
O
66.5%
O
66.5%
Y
66.5%
R
65.9%
M
65.9%
I
65.9%
T
65.9%
E
65.9%
G
65.7%
O
65.7%
O
65.7%
S
65.7%
E
65.7%
N
57.6%
A
57.6%
R
57.5%
W
57.5%
H
57.5%
A
57.5%
L
57.5%
E
53.8%
C
53.8%
H
53.8%
I
53.8%
D
53.8%
I
41.8%
N
41.8%
C
41.8%
H
41.8%
W
41.7%
O
41.7%
R
41.7%
M
41.7%
G
39.8%
O
39.8%
L
39.8%
D
39.8%
F
39.8%

You're not logged in!

Compare scores with friends on all Sporcle quizzes.
OR
Log In

Sporcle TV

Today on Sporcle TV


Watch our educational content, quiz creation guides, and fun videos on Sporcle TV.

Show Comments

Extras

Top Quizzes Today


Score Distribution

Your Account Isn't Verified!

In order to create a playlist on Sporcle, you need to verify the email address you used during registration. Go to your Sporcle Settings to finish the process.

Report this User

Report this user for behavior that violates our Community Guidelines.

Details: